| 000 | 00859nam a2200217 a 4500 | ||
|---|---|---|---|
| 003 | 0 | ||
| 005 | 20250423104823.0 | ||
| 008 | 050809s19uu xx 00 eng d | ||
| 050 |
_aPHS S 592.5.N67 _b.T43 2005 |
||
| 100 | _aTecson, John Albert C. | ||
| 245 |
_aThe Effect of excess fabric on plant growth and soil fertility / _cJohn Albert C. Tecson |
||
| 260 |
_aLas PiƱas City, Philippines : _bSouthville International School and Colleges, _c2005. |
||
| 300 |
_a24 pages : _billustrations ; _c28 cm. |
||
| 504 | _aIncludes bibliographical references. | ||
| 650 |
_2Library of Congress Subject Headings _aTextile waste _xEnvironmental aspects. |
||
| 650 |
_2Library of Congress Subject Headings _aSoil pollution _vEnvironmental aspects. |
||
| 650 | _aSoil fertility. | ||
| 650 |
_aSoil _vEffect of textile waste on. |
||
| 942 |
_2lcc _cPASS |
||
| 999 |
_c97310 _d97310 |
||